Personnages célèbres - Série 04 - Statistiques

Statistiques générales
  • Ce quiz a été pris 689 fois
  • Le résultat moyen est 7 sur 15
Statistiques - réponses
Par images Réponse % Correct
Gérard Jugnot
86%
Bruce Willis
82%
France Gall
73%
Fabien Barthez
72%
Ingrid Chauvin
49%
Dick Rivers
47%
Michel Fugain
46%
Annie Girardot
40%
Michel Delpech
40%
Julie Pietri
38%
Elizabeth Taylor
29%
Marie José Pérec
28%
Jacques Anquetil
26%
Michel Legrand
18%
André Pousse
15%
Aucun quiz correspondant
Distribution des résultats
% des personnes avec chaque résultat
Percentile par nombre de réponses
Votre historique - résultats
Vous n’avez pas pris ce quiz